A Book of Computers-VIII (Record no. 10936)

MARC details
000 -LEADER
fixed length control field 00250nam a22000977a 4500
008 - FIXED-LENGTH DATA ELEMENTS--GENERAL INFORMATION
fixed length control field 180411b ||||| |||| 00| 0 eng d
020 ## - INTERNATIONAL STANDARD BOOK NUMBER
International Standard Book Number 9788193294475
100 ## - MAIN ENTRY--PERSONAL NAME
Personal name Jain Priyanka
9 (RLIN) 6742
245 ## - TITLE STATEMENT
Title A Book of Computers-VIII
260 ## - PUBLICATION, DISTRIBUTION, ETC. (IMPRINT)
Place of publication, distribution, etc. New Delhi
Name of publisher, distributor, etc. Cordova
Holdings
Withdrawn status Lost status Source of classification or shelving scheme Damaged status Koha normalized classification for sorting Not for loan Home library Current library Shelving location Date acquired Total Checkouts Full call number Barcode Date last seen Date last checked out Price effective from Koha item type
    Dewey Decimal Classification   JAI_004_000000000000000_D8   Good Samaritan School Library Good Samaritan School Library Computer Science 04/11/2018 1 JAI004 D-8 JAI14970 02/17/2023 02/03/2023 04/11/2018 BOOK

Powered by Koha